Responses for show #1958 - Wednesday, February 24, 1993

1993 Teen Tournament semifinal game 3.

Contestants

Nancy Dickmann, a senior from St. Louis, Missouri

Jesse Roach, a senior from Aiken, South Carolina

Lev Osherovich, a senior from Walnut Creek, California

Jeopardy! Round responses

WASHINGTON, D.C.
TV SONGS
(Alex: We will play you a piece of music; you have to identify the television program associated with that piece of music.)
GUINNESS RECORDS
FICTIONAL CHILDREN
LIQUIDS
RHYME TIME
    $100 18
The Vietnam Memorial

Lev
    $100 6
Doogie Howser, M.D.

Nancy
    $100 11
a pumpkin

Jesse
    $100 13
Gretel

Nancy
    $100 1
water

Nancy
    $100 26
a rare bear

Nancy
    $200 19
(Nancy: What is [*]?)
(Alex: I'm looking for a ruling on that; we'll give it to you.)

Ford's Theatre (*the Ford Theatre)

Nancy
    $200 7
Northern Exposure

Nancy
    $200 12
murals

Nancy
    $200 14
Little Red Riding Hood

Nancy
    $200 2
honey

Jesse
    $200 27
a gabby cabby

Nancy
    $300 20
the Capitol

Nancy
    $300 8
Murphy Brown

Jesse
    $300 23
tattoos

Lev
    $300 15
Heidi

Lev
    $300 3
nitroglycerin

Lev
    $300 28
a pink sink

Nancy
    $500 21
(Nancy: What is New York City?)

Philadelphia

Nancy
    $400 9
Knots Landing

Triple Stumper
    $400 24
Einstein

Lev
    $400 16
the Lost Boys

Lev
    $400 4
kerosene

Lev
    $400 29
an annual manual

Jesse
    $500 22
the Jefferson Memorial

Nancy
    $500 10
Baywatch

Triple Stumper
    $500 25
(Lev: What's Hula Hoop?)
(Jesse: What is a unicycle?)

the yo-yo

LevJesse
Triple Stumper
    $500 17
Geppetto

Nancy
    $500 5
latex

Nancy
    $500 30
(Lev: Uh... [*]. What is [*]?)

Maine rain

Lev

Scores at the first commercial break (after clue 12):

Lev Jesse Nancy
$700 $600 $1,100

Scores at the end of the Jeopardy! Round:

Lev Jesse Nancy
$2,200 $500 $3,000

Double Jeopardy! Round responses

JANUARY 1, 1993
GEOMETRY
BUSINESS & INDUSTRY PAIRS
HISTORIC NAMES
DRAMA
GOING TO THE DOGS
    $200 1
Mexico

Lev
    $200 6
parallel

Nancy
    $200 26
([*] is what?)
(Alex: Giving it to me backwards?)

Bake

Lev
    $200 16
pope

Jesse
    $200 7
Cleopatra

Nancy
    $200 21
(Lev: I'll take "WOOF" for $400. DOGS.)
[Laughter]

poodles

Lev
    $400 2
Somalia

Jesse
    $400 12
obtuse

Jesse
    $400 27
Sweet'n Low

Jesse
    $400 17
(Patrick) Henry

Jesse
    $400 8
Salem

Lev
    $400 22
smell

Lev
    $600 3
the University of Alabama

Jesse
    $600 13
a sphere

Lev
    $600 28
(Jesse: What is "Curaid"?)

Johnson & Johnson

JesseNancy
    $600 18
Peter the Great

Jesse
    $600 9
The Glass Menagerie

Lev
    $600 23
greyhounds

Nancy
    $1,500 4
(Jesse: What are Slovakia and Bohemia?)
(Alex: Oh, no, you had half of it right...)
[Jesse bends over almost out of the picture]

Slovakia & the Czech Republic

Jesse
    $800 14
tangent

Lev
    $800 29
Bausch & Lomb

Nancy
    $800 19
(Simon) Bolivar

Nancy
    $800 10
The Cherry Orchard

Jesse
    $800 24
the Irish setter

Jesse
    $1000 5
(Lev: What is GM?)

Chrysler

LevJesse
    $1000 15
(Lev: What is Cartesian?)
[Lev was ruled incorrect and he was credited as correct when the next Daily Double was uncovered.]

analytic geometry

LevNancy
    $1000 30
Procter & Gamble

Nancy
    $400 20
Anne Boleyn

Nancy
    $1000 11
Antigone

Jesse
    $1000 25
foxhounds

Lev

Scores at the end of the Double Jeopardy! Round:

Lev Jesse Nancy
$6,600 $5,000 $8,600

[wagering suggestions for these scores]

Final Jeopardy! Round responses

GEMS
JesseWhat is a ruby?
$0
LevWhat is a ruby?
$6,600
NancyWhat is an emerald?
$4,601
a sapphire

Final scores:

Lev Jesse Nancy
$0 $5,000 $3,999
3rd place: $5,000 Finalist 2nd place: $5,000

Game dynamics:

Coryat scores:

Lev Jesse Nancy
$6,600 $6,500 $9,700
18 R,
2 W
15 R,
3 W
(including 1 DD)
23 R
(including 1 DD),
1 W
(including 1 DD)

Combined Coryat: $22,800

The J! Archive is created by fans, for fans. The Jeopardy! game show and all elements thereof, including but not limited to copyright and trademark thereto, are the property of Jeopardy Productions, Inc. and are protected under law. This website is not affiliated with, sponsored by, or operated by Jeopardy Productions, Inc. Join the discussion at JBoard.tv.